Регионална библиотека "Любен Каравелов" - Русе

Математика за таланти ІІ. - ІІІ. клас (Запис номер 327032)

MARC детайли
000 -Лидер
Контролно поле с фиксирана дължина 03427nam a2200541 a 4500
003 - Код на организацията, давaща контролен номер
Контролно поле BLK
005 - Дата и час на последна редакция
Контролно поле 20240408170338.0
008 - Елементи от данни с фиксирана дължина
fixed length control field 181203b bu ade|fr|||| 00| 0 bu d
020 ## - Международен стандартен номер на книга ISBN
Международен стандартен номер на книга ISBN 9789543444502
040 ## - Източник на каталожния запис
Идентификатор на билиотеката - собственик на записа BLK
041 ## - Код за език
Код за езика на текст/звукозапис или на отделно заглавие Български
Код за езика КДБФ Български
100 ## - Редна дума - Автор
R(LIN) 275261
Автор Александров, Александър Иванов
Авторска отговорност първи автор
139 ## - Редно поле
Редна дума Александров, Александър Иванов
Авторски знак Алекс - А 51
245 ## - Сведения за заглавието
Заглавие Математика за таланти ІІ. - ІІІ. клас
Подзаглавни данни Тестове и задачи за подготовка и прием в Софийската математическа гимназия
250 ## - Област на изданието
Сведения за изданието Ново прераб. изд.
260 ## - Област на издателските данни
9 (RLIN) 219518
Място на издаване, разпространение и проч. София
Име на издателя, разпространителя и проч. Клет България
Година на издаване 2017
Печатница Булвест Принт
Дата на отпечатване 2017
300 ## - Физическа характеристика
Страници 176 с.
Илюстрации и др. с табл.
Размери/Мащаб 28 см
380 ## - Жанр
Жанр Обществени науки
500 ## - Общи забележки
Забележка Други авт.: Ангел Ангелов, Ваня Данова, Детелина Найденова, Дима Слабакова, Елена Киселова, Елена Станчева, Елза Тодорова, Емилия Гигова, Зоя Савова, Иван Симеонов, Илиана Цветкова, Ирина Шаркова, Красимира Петрова, Линка Минчева, Мариана Тодорова, Мария Томова, Надежда Буюклиева, Надя Кръстева, Петя Тодорова, Румяна Караджова, Стойчо Стоев, Явор Минков<br/>Пълната форма на името на авт. Линка Минчева е Линка Минчева Кабакчиева
650 #7 - Допълнително описание по предмет – тема
9 (RLIN) 161297
Основно описание – тема или топоним Математика
650 #0 - Допълнително описание по предмет – тема
9 (RLIN) 285947
Основно описание – тема или топоним Математика - задачи
653 #7 - Ключова дума – ненормативна
9 (RLIN) 191253
Ключова дума млади таланти
700 ## - Други автори (авторска отговорност)
Лично име Данова, Ваня Христова
Автороска отговорност (Описва отношението между автора и произведението) съавт.
9 (RLIN) 1445
700 ## - Други автори (авторска отговорност)
Лично име Найденова, Детелина Красимирова
Автороска отговорност (Описва отношението между автора и произведението) съавт.
9 (RLIN) 1445
700 ## - Други автори (авторска отговорност)
Лично име Слабакова, Дима Илиева
Автороска отговорност (Описва отношението между автора и произведението) съавт.
9 (RLIN) 1445
700 ## - Други автори (авторска отговорност)
9 (RLIN) 383011
Лично име Киселова, Елена
Автороска отговорност (Описва отношението между автора и произведението) съавт.
700 ## - Други автори (авторска отговорност)
Лично име Станчева, Елена
Автороска отговорност (Описва отношението между автора и произведението) съавт.
9 (RLIN) 1445
700 ## - Други автори (авторска отговорност)
Лично име Тодорова, Елза
Автороска отговорност (Описва отношението между автора и произведението) съавт.
9 (RLIN) 1445
700 ## - Други автори (авторска отговорност)
Лично име Гигова, Емилия
Автороска отговорност (Описва отношението между автора и произведението) съавт.
9 (RLIN) 1445
700 ## - Други автори (авторска отговорност)
Лично име Савова, Зоя
Автороска отговорност (Описва отношението между автора и произведението) съавт.
9 (RLIN) 1445
700 ## - Други автори (авторска отговорност)
Лично име Симеонов, Иван
Автороска отговорност (Описва отношението между автора и произведението) съавт.
9 (RLIN) 1445
700 ## - Други автори (авторска отговорност)
9 (RLIN) 368901
Лично име Цветкова, Илиана Иванова
Автороска отговорност (Описва отношението между автора и произведението) съавт.
700 1# - Други автори (авторска отговорност)
Лично име Шаркова, Ирина Петрова
9 (RLIN) 142784
700 ## - Други автори (авторска отговорност)
Лично име Петрова, Красимира
Автороска отговорност (Описва отношението между автора и произведението) съавт.
9 (RLIN) 1445
700 ## - Други автори (авторска отговорност)
Лично име Минчева, Линка
Автороска отговорност (Описва отношението между автора и произведението) съавт.
9 (RLIN) 1445
700 ## - Други автори (авторска отговорност)
9 (RLIN) 260185
Лично име Тодорова, Мариана Иванова
Автороска отговорност (Описва отношението между автора и произведението) съавт.
700 ## - Други автори (авторска отговорност)
9 (RLIN) 383012
Лично име Томова, Мария
Автороска отговорност (Описва отношението между автора и произведението) съавт.
700 ## - Други автори (авторска отговорност)
Лично име Буюклиева, Надежда
Автороска отговорност (Описва отношението между автора и произведението) съавт.
9 (RLIN) 1445
700 ## - Други автори (авторска отговорност)
Лично име Кръстева, Надя
Автороска отговорност (Описва отношението между автора и произведението) съавт.
9 (RLIN) 1445
700 ## - Други автори (авторска отговорност)
Лично име Тодорова, Петя
Автороска отговорност (Описва отношението между автора и произведението) съавт.
9 (RLIN) 1445
700 ## - Други автори (авторска отговорност)
9 (RLIN) 268987
Лично име Караджова, Румяна Тодорова
Автороска отговорност (Описва отношението между автора и произведението) съавт.
700 ## - Други автори (авторска отговорност)
Лично име Стоев, Стойчо Стефанов
Автороска отговорност (Описва отношението между автора и произведението) съавт.
9 (RLIN) 1445
700 ## - Други автори (авторска отговорност)
Лично име Минков, Явор Любомиров
Автороска отговорност (Описва отношението между автора и произведението) съавт.
9 (RLIN) 1445
852 ## - Местоположение
Форматна сигнатура Цб ІІ 23061
999 ## - СИСТЕМНИ КОНТРОЛНИ НОМЕРА
Koha biblionumber 327032
Koha biblioitemnumber 327032
942 ## - АРТИКУЛИ
Вид на библиотечния материал Книги
Скрит в OPAC Не
Koha issues (borrowed), all copies 9
944 ## - СЪЗДАВАНЕ И РЕДАКЦИЯ на ЗАПИСА
Създаване/Редакция Създаване
Дата на регистрацията/редакция 2018-12-03
Служител, извършил регистрацията/редакцията 30537
Статус, дата на статуса Грета Цуфелде
999 ## - СИСТЕМНИ КОНТРОЛНИ НОМЕРА
Koha biblioitemnumber 327032
Наличности
Код за отписване Код за изгубен артикул Източник на класификационната схема Код за повреда Коз за рестрикции Код за отдаване Артикулен № Име на библиотеката - собственик Име на библиотеката, в която се намира в момента Статус (Текущо местоположение) Дата на вписване в системата Местоположение - отдел Цена в лева Систематично азбучна сигнатура Баркод Цена в евро Служебен тип на артикула
  Не е изгубен Universal Decimal Classification Не е повреден без рестрикции ползва се в читалня 684328 Регионална библиотека "Любен Каравелов" Русе Регионална библиотека "Любен Каравелов" Русе Хранилище 2018-12-05 Хранилище 12.90 Цб ІІ 23061 120000826151 6.60 Книги
  Не е изгубен Universal Decimal Classification Не е повреден без рестрикции заемане за дома 856073 Регионална библиотека "Любен Каравелов" Русе Регионална библиотека "Любен Каравелов" Русе Детски отдел 2021-09-28 Детски отдел 12.90 ДН 373.3.016:51/А 51 120000859869 6.60 Книги
Vip Innovations Ltd, Rousse, Bulgaria 2025